000 00400 a2200169 4500
001 145415
040 _cLeonardo Da Vinci
041 _aPortuguês
082 _a428.5 F267d
_bF267d
100 _aFAUSTO, Olivia
245 _aDicionário de baianês
260 _bGráfica Vitória
_c1992
_aSão Paulo
300 _a67
362 _a19920000
697 _aDicionário de português
942 _cBK
999 _c145415
_d145415